=LDR 00000nam 2200000 4500 =001 INLIS000000000051908 =005 20180111015726 =035 ##$$a 0010-0118000096 =007 ta =008 180111###########################0###### =020 ##$$a 978 - 602 - 1130 - 16 - 2 =082 ##$$a 629.13 =084 ##$$a 629.13 LUK p =100 #$$a Lukman Hakiem, M =245 1#$$a Petualangan seru mengenal 32 pwsawat keren : $b termewah-tercepat-tercanggih /$c M.Lukman Hakiem =260 ##$$a Surakarta :$b Visi Mandiri,$c 2014 =300 ##$$a 156 hlm. : $b Ilus ; $c 24 cm. =650 ##$$a Pesawat Terbang =504 ##$$a Bibliografi ; hlm. 156 =990 ##$$a 05080508 =990 ##$$a 05080508 =990 ##$$a 05080508 =990 ##$$a 05080508 =990 ##$$a 05080508 =990 ##$$a 21705401 =990 ##$$a 01201800508 =990 ##$$a 01201800509 =990 ##$$a 01201800510 =990 ##$$a 01201800511 =990 ##$$a 21705402 =990 ##$$a 01201800508 =990 ##$$a 01201800509 =990 ##$$a 01201800510 =990 ##$$a 21705401 =990 ##$$a 21705403 =990 ##$$a 01201800508 =990 ##$$a 01201800509 =990 ##$$a 21705402 =990 ##$$a 21705401 =990 ##$$a 21705404 =990 ##$$a 01201800508 =990 ##$$a 21705403 =990 ##$$a 21705402 =990 ##$$a 21705401 =990 ##$$a 21705405 =990 ##$$a 21705404 =990 ##$$a 21705403 =990 ##$$a 21705402 =990 ##$$a 21705401